header

Planning parenthood (Record no. 111731)

MARC details
000 -LEADER
fixed length control field 01511nam a2200361 a 4500
082 04 - DEWEY DECIMAL CLASSIFICATION NUMBER
Classification number 618.1/78
245 00 - TITLE STATEMENT
Title Planning parenthood
260 ## - PUBLICATION, DISTRIBUTION, ETC. (IMPRINT)
Place of publication Baltimore :
Name of publisher Johns Hopkins University Press,
Year of publication 2009.
300 ## - PHYSICAL DESCRIPTION
Number of Pages xi, 237 p. :
Other physical details ill.
650 #0 - SUBJECT ADDED ENTRY--TOPICAL TERM
Topical Term Human reproductive technology
Topical Term Surrogate motherhood.
Topical Term Infertility
Topical Term Adoption.
700 1# - ADDED ENTRY--PERSONAL NAME
Personal name Clark, Rebecca A.,
856 40 - ELECTRONIC LOCATION AND ACCESS
Uniform Resource Identifier http://site.ebrary.com/lib/rucke/Doc?id=10363220

No items available.

© 2026 Rongo University
Contact us: librarian | system librarian | Rongo university